000 004440000a22001690004500
041 0 _aENG
082 0 4 _aG 286.13092 M9811f
100 1 _aMurray, Iain H.
245 1 0 _aThe forgotten Spurgeon / Ian H. Murray
260 _aLondres, Inglaterra : The Banner of Truth Trust
300 _a223 Pag
001 9924
942 _cBK
999 _c39739
_d39739
336 _atexto
_btxt
_2rdacontent
337 _2rdamedia
_asin mediación
_bn
338 _2rdacarrier
_avolumen
_bnc